ბათუმის შოთა რუსთაველის სახელმწიფო უნივერსიტეტის ბიბლიოთეკა

Lamps from the Athenian Agora. (ბიბ.ჩანაწერი № 60708)

000 -LEADER
fixed length control field 00521nam a22001697a 4500
005 - DATE AND TIME OF LATEST TRANSACTION
control field 20231011160620.0
008 - FIXED-LENGTH DATA ELEMENTS--GENERAL INFORMATION
fixed length control field 231011s1963 enk||||| |||| 00| 0 geo d
041 ## - LANGUAGE CODE
Language code of text/sound track or separate title eng
080 ## - UNIVERSAL DECIMAL CLASSIFICATION NUMBER
Universal Decimal Classification number 902 P-43
100 ## - MAIN ENTRY--PERSONAL NAME
Personal name Perlzweig, Judith
9 (RLIN) 20061
245 ## - TITLE STATEMENT
Title Lamps from the Athenian Agora.
264 ## - PRODUCTION, PUBLICATION, DISTRIBUTION, MANUFACTURE, AND COPYRIGHT NOTICE
Place of production, publication, distribution, manufacture Princeton,
Date of production, publication, distribution, manufacture, or copyright notice 1963.
300 ## - PHYSICAL DESCRIPTION
Extent 32 p.:
Other physical details ill.:
Dimensions 22 cm.
440 ## - SERIES STATEMENT/ADDED ENTRY--TITLE
Title American School of Classical Studies at Athens
9 (RLIN) 20062
653 ## - INDEX TERM--UNCONTROLLED
keyword ნათურები ათენის აგორიდან
942 ## - ADDED ENTRY ELEMENTS (KOHA)
Source of classification or shelving scheme
Koha item type წიგნი
ეგზემპლარები
Withdrawn status Lost status Source of classification or shelving scheme Damaged status Not for loan Permanent Location Current Location Shelving location Date acquired Cost, normal purchase price Full call number Barcode Date last seen Copy number Uniform Resource Identifier Price effective from Koha item type Public note
          ბათუმის შოთა რუსთაველის სახელმწიფო უნივერსიტეტის მთავარი ბიბლიოთეკა ბათუმის შოთა რუსთაველის სახელმწიფო უნივერსიტეტის მთავარი ბიბლიოთეკა წიგნსაცავი 2023-10-11 4.00 902 P-43 65281 2023-10-11 65281 ბსუ-ს საპატიო დოქტორის გურამ ლორთქიფანიძის საჩუქარი 2023-10-11 წიგნი 4 ლ.